[Event "Benidorm Satellite preliminary"]
[Site "playchess.com #007036"]
[Date "2009.10.24"]
[Round "7"]
[White "Kampfgeist"]
[Black "Schachkanone2"]
[Result "0-1"]
[WhiteElo "1332"]
[BlackElo "1429"]
[PlyCount "44"]
[EventDate "2009.10.24"]
[EventType "swiss (blitz)"]

1. e4 {[%emt 0:00:02]} c5 {[%emt 0:00:04]} 2. Nf3 {[%emt 0:00:02]} Nc6 {[%emt
0:00:01]} 3. d4 {[%emt 0:00:01]} cxd4 {[%emt 0:00:02]} 4. Nxd4 {[%emt 0:00:01]}
e6 {[%emt 0:00:01]} 5. c4 {[%emt 0:00:07]} Nf6 {[%emt 0:00:02]} 6. Nc3 {[%emt
0:00:02]} a6 {[%emt 0:00:02]} 7. Bg5 {[%emt 0:00:03]} Be7 {[%emt 0:00:02]} 8.
Qd2 {[%emt 0:00:04]} d5 {[%emt 0:00:01]} 9. exd5 {[%emt 0:00:10]} exd5 {[%emt
0:00:02]} 10. Nxc6 {[%emt 0:00:05]} bxc6 {[%emt 0:00:02]} 11. cxd5 {[%emt 0:00:
04]} Nxd5 {[%emt 0:00:02]} 12. Bxe7 {[%emt 0:00:09]} Qxe7+ {[%emt 0:00:03]} 13.
Be2 {[%emt 0:00:06]} Nxc3 {[%emt 0:00:02]} 14. Qxc3 {[%emt 0:00:02]} O-O {
[%emt 0:00:07]} 15. Qxc6 {[%emt 0:00:02]} Bb7 {[%emt 0:00:03]} 16. Qc3 {[%emt
0:00:11]} Bxg2 {[%emt 0:00:03]} 17. Rg1 {[%emt 0:00:02]} Rac8 {[%emt 0:00:19]}
18. Qg3 {[%emt 0:00:16]} Qb4+ {[%emt 0:00:08]} 19. Kd1 {[%emt 0:00:07]} Rfd8+ {
[%emt 0:00:02]} 20. Bd3 {[%emt 0:00:04]} Qd6 {[%emt 0:01:19]} 21. Kd2 {[%emt 0:
00:51]} Qxg3 {[%emt 0:00:03]} 22. hxg3 {[%emt 0:00:05]} Be4 {[%emt 0:00:01]
Kampfgeist gibt auf} 0-1

[Event "Benidorm Satellite preliminary"]
[Site "playchess.com #007036"]
[Date "2009.10.24"]
[Round "7"]
[White "jchess06"]
[Black "Retep1"]
[Result "1-0"]
[WhiteElo "1790"]
[BlackElo "1679"]
[PlyCount "61"]
[EventDate "2009.10.24"]
[EventType "swiss (blitz)"]

1. d4 {[%emt 0:00:01]} d5 {[%emt 0:00:03]} 2. c3 {[%emt 0:00:00]} Nf6 {[%emt 0:
00:16]} 3. Nf3 {[%emt 0:00:00]} c5 {[%emt 0:00:15]} 4. Bg5 {[%emt 0:00:01]} e6
{[%emt 0:00:15]} 5. e3 {[%emt 0:00:08]} Nc6 {[%emt 0:00:06]} 6. Bd3 {[%emt 0:
00:02]} Be7 {[%emt 0:00:05]} 7. Nbd2 {[%emt 0:00:02]} O-O {[%emt 0:00:04]} 8.
Qe2 {[%emt 0:00:02]} b6 {[%emt 0:00:05]} 9. e4 {[%emt 0:00:02]} cxd4 {[%emt 0:
00:16]} 10. cxd4 {[%emt 0:00:02]} dxe4 {[%emt 0:00:08]} 11. Nxe4 {[%emt 0:00:
00]} Nd5 {[%emt 0:00:05]} 12. Bxe7 {[%emt 0:00:06]} Ncxe7 {[%emt 0:00:04]} 13.
Neg5 {[%emt 0:00:02]} h6 {[%emt 0:00:09]} 14. Qe4 {[%emt 0:00:02]} f5 {[%emt 0:
00:10]} 15. Qh4 {[%emt 0:00:12]} Ng6 {[%emt 0:00:05]} 16. Qg3 {[%emt 0:00:40]}
hxg5 {[%emt 0:00:04]} 17. h4 {[%emt 0:00:04]} g4 {[%emt 0:00:13]} 18. h5 {
[%emt 0:00:03]} Ngf4 {[%emt 0:00:12]} 19. Bc4 {[%emt 0:00:02]} gxf3 {[%emt 0:
00:05]} 20. h6 {[%emt 0:00:01]} Nxg2+ {[%emt 0:00:08]} 21. Kd1 {[%emt 0:00:03]}
Nge3+ {[%emt 0:00:05]} 22. fxe3 {[%emt 0:00:02]} Nxe3+ {[%emt 0:00:06]} 23. Ke1
{[%emt 0:00:01]} g5 {[%emt 0:00:01]} 24. Qxf3 {[%emt 0:00:15]} g4 {[%emt 0:00:
04]} 25. Qxe3 {[%emt 0:00:02]} Kh7 {[%emt 0:00:02]} 26. Qe5 {[%emt 0:00:05]}
Qf6 {[%emt 0:00:02]} 27. Qc7+ {[%emt 0:00:05]} Rf7 {[%emt 0:00:02]} 28. Qc6 {
[%emt 0:00:01]} Rb8 {[%emt 0:00:02]} 29. Bb3 {[%emt 0:00:10]} Bd7 {[%emt 0:00:
02]} 30. Qd6 {[%emt 0:00:03]} Bc8 {[%emt 0:00:06]} 31. Qxb8 {[%emt 0:00:03]
Retep1 gibt auf} 1-0

[Event "Benidorm Satellite preliminary"]
[Site "playchess.com #007036"]
[Date "2009.10.24"]
[Round "7"]
[White "Slobster"]
[Black "Benitotj"]
[Result "1-0"]
[WhiteElo "1651"]
[BlackElo "1440"]
[PlyCount "61"]
[EventDate "2009.10.24"]
[EventType "swiss (blitz)"]

1. e4 {[%emt 0:00:05]} e5 {[%emt 0:00:01]} 2. Nf3 {[%emt 0:00:01]} Nc6 {[%emt
0:00:02]} 3. Nc3 {[%emt 0:00:00]} Nf6 {[%emt 0:00:06]} 4. g3 {[%emt 0:00:00]}
Be7 {[%emt 0:00:03]} 5. Bg2 {[%emt 0:00:00]} d6 {[%emt 0:00:02]} 6. O-O {[%emt
0:00:00]} O-O {[%emt 0:00:01]} 7. d4 {[%emt 0:00:01]} exd4 {[%emt 0:00:01]} 8.
Nxd4 {[%emt 0:00:01]} Nxd4 {[%emt 0:00:09]} 9. Qxd4 {[%emt 0:00:02]} c5 {[%emt
0:00:01]} 10. Qd1 {[%emt 0:00:02]} Ne8 {[%emt 0:00:07]} 11. Bf4 {[%emt 0:00:01]
} f5 {[%emt 0:00:04]} 12. exf5 {[%emt 0:00:10]} Bxf5 {[%emt 0:00:02]} 13. Bxb7
{[%emt 0:00:02]} Rb8 {[%emt 0:00:05]} 14. Bd5+ {[%emt 0:00:01]} Kh8 {[%emt 0:
00:03]} 15. Rb1 {[%emt 0:00:01]} Nf6 {[%emt 0:00:10]} 16. Bg2 {[%emt 0:00:01]}
Bg4 {[%emt 0:00:12]} 17. f3 {[%emt 0:00:03]} Bc8 {[%emt 0:00:14]} 18. Nd5 {
[%emt 0:00:05]} Nh5 {[%emt 0:00:10]} 19. Nxe7 {[%emt 0:00:03]} Nxf4 {[%emt 0:
00:06]} 20. Nc6 {[%emt 0:00:12]} Qg5 {[%emt 0:00:38]} 21. Nxb8 {[%emt 0:00:03]}
Nxg2 {[%emt 0:00:04]} 22. Kxg2 {[%emt 0:00:03]} Bf5 {[%emt 0:00:42]} 23. f4 {
[%emt 0:00:04]} Qd8 {[%emt 0:00:05]} 24. Nc6 {[%emt 0:00:06]} Qc7 {[%emt 0:00:
03]} 25. Qd5 {[%emt 0:00:10]} Re8 {[%emt 0:00:06]} 26. Rbe1 {[%emt 0:00:01]}
Rf8 {[%emt 0:00:08]} 27. Re7 {[%emt 0:00:07]} Qa5 {[%emt 0:00:06]} 28. Qxf5 {
[%emt 0:00:07]} Qd2+ {[%emt 0:00:04]} 29. Rf2 {[%emt 0:00:03]} Rxf5 {[%emt 0:
00:05]} 30. Re8+ {[%emt 0:00:02]} Rf8 {[%emt 0:00:06]} 31. Rxf8# {[%emt 0:00:
02]} 1-0

[Event "Benidorm Satellite preliminary"]
[Site "playchess.com #007036"]
[Date "2009.10.24"]
[Round "7"]
[White "Windwolf"]
[Black "Mau13"]
[Result "1-0"]
[WhiteElo "1861"]
[BlackElo "1919"]
[PlyCount "49"]
[EventDate "2009.10.24"]
[EventType "swiss (blitz)"]

1. e4 {[%emt 0:00:03]} d6 {[%emt 0:00:01]} 2. d4 {[%emt 0:00:01]} Nf6 {[%emt 0:
00:00]} 3. Nc3 {[%emt 0:00:01]} g6 {[%emt 0:00:01]} 4. Nf3 {[%emt 0:00:01]} Bg7
{[%emt 0:00:01]} 5. Be2 {[%emt 0:00:01]} O-O {[%emt 0:00:01]} 6. O-O {[%emt 0:
00:00]} Bg4 {[%emt 0:00:01]} 7. Re1 {[%emt 0:00:01]} c5 {[%emt 0:00:01]} 8. Be3
{[%emt 0:00:06]} cxd4 {[%emt 0:00:03]} 9. Nxd4 {[%emt 0:00:01]} Nc6 {[%emt 0:
00:00]} 10. Nxc6 {[%emt 0:00:06]} Bxe2 {[%emt 0:00:03]} 11. Nxe7+ {[%emt 0:00:
17]} Qxe7 {[%emt 0:00:06]} 12. Qxe2 {[%emt 0:00:00]} Nxe4 {[%emt 0:00:04]} 13.
Bf4 {[%emt 0:00:22]} Bxc3 {[%emt 0:00:27]} 14. bxc3 {[%emt 0:00:06]} d5 {[%emt
0:00:05]} 15. f3 {[%emt 0:00:02]} Qc5+ {[%emt 0:00:01]} 16. Be3 {[%emt 0:00:02]
} Qxc3 {[%emt 0:00:18]} 17. fxe4 {[%emt 0:00:08]} Rae8 {[%emt 0:00:00]} 18. Qd3
{[%emt 0:00:21]} Qe5 {[%emt 0:00:59]} 19. exd5 {[%emt 0:00:10]} Qd6 {[%emt 0:
00:20]} 20. c4 {[%emt 0:00:08]} b6 {[%emt 0:00:02]} 21. Bd4 {[%emt 0:00:03]}
Rxe1+ {[%emt 0:00:02]} 22. Rxe1 {[%emt 0:00:03]} Rc8 {[%emt 0:00:01]} 23. Qe2 {
[%emt 0:00:07]} Qd7 {[%emt 0:00:07]} 24. Qe5 {[%emt 0:00:02]} f6 {[%emt 0:00:
03]} 25. Qxf6 {[%emt 0:00:03] Mau13 resigns} 1-0

[Event "Benidorm Satellite preliminary"]
[Site "playchess.com #007036"]
[Date "2009.10.24"]
[Round "7"]
[White "Lagano"]
[Black "Bartimäus"]
[Result "0-1"]
[WhiteElo "1995"]
[BlackElo "1768"]
[PlyCount "84"]
[EventDate "2009.10.24"]
[EventType "swiss (blitz)"]

1. e4 {[%emt 0:00:00]} e6 {[%emt 0:00:01]} 2. d4 {[%emt 0:00:02]} d5 {[%emt 0:
00:01]} 3. Nc3 {[%emt 0:00:02]} Nf6 {[%emt 0:00:01]} 4. e5 {[%emt 0:00:02]}
Nfd7 {[%emt 0:00:01]} 5. f4 {[%emt 0:00:01]} c5 {[%emt 0:00:01]} 6. Nf3 {[%emt
0:00:02]} Nc6 {[%emt 0:00:02]} 7. Be3 {[%emt 0:00:02]} cxd4 {[%emt 0:00:01]} 8.
Nxd4 {[%emt 0:00:02]} a6 {[%emt 0:00:11]} 9. a4 {[%emt 0:00:05]} Qc7 {[%emt 0:
00:02]} 10. Qd2 {[%emt 0:00:02]} Be7 {[%emt 0:00:01]} 11. Bd3 {[%emt 0:00:03]}
Nxd4 {[%emt 0:00:04]} 12. Bxd4 {[%emt 0:00:02]} Nc5 {[%emt 0:00:01]} 13. O-O {
[%emt 0:00:11]} Nxd3 {[%emt 0:00:01]} 14. Qxd3 {[%emt 0:00:07]} Bd7 {[%emt 0:
00:09]} 15. h3 {[%emt 0:00:03]} Rc8 {[%emt 0:00:05]} 16. b3 {[%emt 0:00:06]}
Bc5 {[%emt 0:00:04]} 17. Rac1 {[%emt 0:00:05]} Bxd4+ {[%emt 0:00:01]} 18. Qxd4
{[%emt 0:00:02]} Qxc3 {[%emt 0:00:01]} 19. Qb6 {[%emt 0:00:09]} Qc5+ {[%emt 0:
00:05]} 20. Qxc5 {[%emt 0:00:02]} Rxc5 {[%emt 0:00:01]} 21. g4 {[%emt 0:00:09]}
O-O {[%emt 0:00:03]} 22. f5 {[%emt 0:00:01]} Rfc8 {[%emt 0:00:08]} 23. Rf2 {
[%emt 0:00:01]} d4 {[%emt 0:00:11]} 24. Rd2 {[%emt 0:00:07]} Rxe5 {[%emt 0:00:
06]} 25. Rxd4 {[%emt 0:00:02]} Bc6 {[%emt 0:00:01]} 26. c4 {[%emt 0:00:02]}
exf5 {[%emt 0:00:05]} 27. Rcd1 {[%emt 0:00:03]} g6 {[%emt 0:00:03]} 28. g5 {
[%emt 0:00:03]} Re2 {[%emt 0:00:06]} 29. h4 {[%emt 0:00:04]} Rg2+ {[%emt 0:00:
05]} 30. Kf1 {[%emt 0:00:01]} Re8 {[%emt 0:00:04]} 31. Rd8 {[%emt 0:00:04]}
Rxd8 {[%emt 0:00:06]} 32. Rxd8+ {[%emt 0:00:02]} Kg7 {[%emt 0:00:01]} 33. b4 {
[%emt 0:00:05]} Rg4 {[%emt 0:00:06]} 34. b5 {[%emt 0:00:03]} axb5 {[%emt 0:00:
01]} 35. axb5 {[%emt 0:00:02]} Be4 {[%emt 0:00:03]} 36. c5 {[%emt 0:00:07]}
Rxh4 {[%emt 0:00:02]} 37. Rd4 {[%emt 0:00:06]} Rg4 {[%emt 0:00:02]} 38. c6 {
[%emt 0:00:16]} bxc6 {[%emt 0:00:02]} 39. b6 {[%emt 0:00:01]} c5 {[%emt 0:00:
02]} 40. Rd7 {[%emt 0:00:03]} Rxg5 {[%emt 0:00:15]} 41. Re7 {[%emt 0:00:11]}
Rg3 {[%emt 0:00:17]} 42. b7 {[%emt 0:00:05]} Rb3 {[%emt 0:00:07] Lagano
resigns  (Lag: Av=0.61s, max=1.6s)} 0-1

[Event "Benidorm Satellite preliminary"]
[Site "playchess.com #007036"]
[Date "2009.10.24"]
[Round "7"]
[White "Bobby Short"]
[Black "Marx"]
[Result "1-0"]
[WhiteElo "1382"]
[BlackElo "1298"]
[PlyCount "61"]
[EventDate "2009.10.24"]
[EventType "swiss (blitz)"]

1. d4 {[%emt 0:00:01]} d5 {[%emt 0:00:03]} 2. c4 {[%emt 0:00:02]} Nf6 {[%emt 0:
00:01]} 3. cxd5 {[%emt 0:00:02]} Nxd5 {[%emt 0:00:02]} 4. Nc3 {[%emt 0:00:03]}
e6 {[%emt 0:00:03]} 5. e4 {[%emt 0:00:02]} Nb6 {[%emt 0:00:03]} 6. Nf3 {[%emt
0:00:05]} Be7 {[%emt 0:00:03]} 7. Be2 {[%emt 0:00:01]} Nc6 {[%emt 0:00:25]} 8.
Be3 {[%emt 0:00:04]} O-O {[%emt 0:00:42]} 9. O-O {[%emt 0:00:03]} Nd7 {[%emt 0:
00:01]} 10. d5 {[%emt 0:00:06]} exd5 {[%emt 0:00:11]} 11. exd5 {[%emt 0:00:04]}
Nce5 {[%emt 0:00:01]} 12. Nxe5 {[%emt 0:00:08]} Nxe5 {[%emt 0:00:01]} 13. Bf4 {
[%emt 0:00:04]} Bf6 {[%emt 0:00:01]} 14. Ne4 {[%emt 0:00:12]} Qe7 {[%emt 0:00:
07]} 15. Nxf6+ {[%emt 0:00:03]} Qxf6 {[%emt 0:00:02]} 16. Bg3 {[%emt 0:00:08]}
Bd7 {[%emt 0:00:27]} 17. Rc1 {[%emt 0:00:11]} c6 {[%emt 0:00:12]} 18. b3 {
[%emt 0:00:35]} cxd5 {[%emt 0:00:02]} 19. Qxd5 {[%emt 0:00:04]} Bc6 {[%emt 0:
00:01]} 20. Qxe5 {[%emt 0:00:04]} Qxe5 {[%emt 0:00:04]} 21. Bxe5 {[%emt 0:00:
01]} Rfe8 {[%emt 0:00:00]} 22. f4 {[%emt 0:00:11]} f6 {[%emt 0:00:02]} 23. Bc4+
{[%emt 0:00:02]} Kh8 {[%emt 0:00:04]} 24. Ba1 {[%emt 0:00:02]} b6 {[%emt 0:00:
06]} 25. h3 {[%emt 0:00:04]} b5 {[%emt 0:00:01]} 26. Bf7 {[%emt 0:00:04]} Rec8
{[%emt 0:00:20]} 27. Rxc6 {[%emt 0:00:06]} Rxc6 {[%emt 0:00:02]} 28. Bd5 {
[%emt 0:00:01]} Rac8 {[%emt 0:00:05]} 29. Bxc6 {[%emt 0:00:02]} Rxc6 {[%emt 0:
00:00]} 30. Rd1 {[%emt 0:00:06]} a6 {[%emt 0:00:03]} 31. Rd8# {[%emt 0:00:03]}
1-0

[Event "Benidorm Satellite preliminary"]
[Site "playchess.com #007036"]
[Date "2009.10.24"]
[Round "7"]
[White "Xankov"]
[Black "Chesshero045"]
[Result "1-0"]
[WhiteElo "1805"]
[BlackElo "1732"]
[PlyCount "69"]
[EventDate "2009.10.24"]
[EventType "swiss (blitz)"]

1. c4 {[%emt 0:00:02]} Nf6 {[%emt 0:00:02]} 2. g3 {[%emt 0:00:02]} g6 {[%emt 0:
00:01]} 3. Bg2 {[%emt 0:00:01]} Bg7 {[%emt 0:00:01]} 4. Nc3 {[%emt 0:00:02]}
O-O {[%emt 0:00:01]} 5. e4 {[%emt 0:00:01]} d6 {[%emt 0:00:01]} 6. Nge2 {[%emt
0:00:02]} e5 {[%emt 0:00:01]} 7. O-O {[%emt 0:00:01]} Nbd7 {[%emt 0:00:02]} 8.
d3 {[%emt 0:00:01]} c6 {[%emt 0:00:01]} 9. Bg5 {[%emt 0:00:02]} h6 {[%emt 0:00:
01]} 10. Be3 {[%emt 0:00:01]} Ng4 {[%emt 0:00:03]} 11. Bd2 {[%emt 0:00:02]} Nb6
{[%emt 0:00:06]} 12. Qc1 {[%emt 0:00:05]} Kh7 {[%emt 0:00:03]} 13. h3 {[%emt 0:
00:02]} Nf6 {[%emt 0:00:02]} 14. b4 {[%emt 0:00:05]} Re8 {[%emt 0:00:02]} 15.
a4 {[%emt 0:00:02]} a5 {[%emt 0:00:08]} 16. b5 {[%emt 0:00:16]} c5 {[%emt 0:00:
02]} 17. Nd5 {[%emt 0:00:02]} Nbxd5 {[%emt 0:00:05]} 18. exd5 {[%emt 0:00:05]}
Ng8 {[%emt 0:00:04]} 19. f4 {[%emt 0:00:05]} f5 {[%emt 0:00:01]} 20. Ra2 {
[%emt 0:00:11]} b6 {[%emt 0:00:02]} 21. fxe5 {[%emt 0:00:07]} Bxe5 {[%emt 0:00:
05]} 22. Bf4 {[%emt 0:00:12]} g5 {[%emt 0:00:16]} 23. Bxe5 {[%emt 0:00:08]}
Rxe5 {[%emt 0:00:00]} 24. d4 {[%emt 0:00:08]} Re3 {[%emt 0:00:18]} 25. dxc5 {
[%emt 0:00:02]} Qe7 {[%emt 0:00:07]} 26. cxd6 {[%emt 0:00:10]} Qe5 {[%emt 0:00:
01]} 27. Rf3 {[%emt 0:00:17]} Rxe2 {[%emt 0:00:04]} 28. Rxe2 {[%emt 0:00:28]}
Qxe2 {[%emt 0:00:00]} 29. c5 {[%emt 0:00:12]} Nf6 {[%emt 0:00:15]} 30. c6 {
[%emt 0:00:09]} Qe5 {[%emt 0:00:32]} 31. d7 {[%emt 0:00:07]} Bxd7 {[%emt 0:00:
03]} 32. cxd7 {[%emt 0:00:01]} Nxd7 {[%emt 0:00:01]} 33. Qc6 {[%emt 0:00:05]}
Nc5 {[%emt 0:00:07]} 34. Qxa8 {[%emt 0:00:02]} Qe1+ {[%emt 0:00:02]} 35. Kh2 {
[%emt 0:00:06] Chesshero045 gibt auf} 1-0

[Event "Benidorm Satellite preliminary"]
[Site "playchess.com #007036"]
[Date "2009.10.24"]
[Round "7"]
[White "Baby Animals"]
[Black "Wolle1305"]
[Result "0-1"]
[WhiteElo "1771"]
[BlackElo "1711"]
[PlyCount "74"]
[EventDate "2009.10.24"]
[EventType "swiss (blitz)"]

1. d4 {[%emt 0:00:01]} d5 {[%emt 0:00:02]} 2. c4 {[%emt 0:00:02]} e6 {[%emt 0:
00:02]} 3. Nc3 {[%emt 0:00:01]} Nf6 {[%emt 0:00:01]} 4. cxd5 {[%emt 0:00:01]}
exd5 {[%emt 0:00:01]} 5. Nf3 {[%emt 0:00:01]} Bd6 {[%emt 0:00:01]} 6. h4 {
[%emt 0:00:03]} O-O {[%emt 0:00:03]} 7. Bg5 {[%emt 0:00:02]} c6 {[%emt 0:00:08]
} 8. e3 {[%emt 0:00:03]} Nbd7 {[%emt 0:00:02]} 9. Bd3 {[%emt 0:00:01]} Re8 {
[%emt 0:00:11]} 10. Qe2 {[%emt 0:00:02]} Nf8 {[%emt 0:00:02]} 11. O-O-O {[%emt
0:00:01]} Ne6 {[%emt 0:00:02]} 12. Ne5 {[%emt 0:00:02]} h6 {[%emt 0:00:04]} 13.
Bxf6 {[%emt 0:00:01]} Qxf6 {[%emt 0:00:06]} 14. Ng4 {[%emt 0:00:02]} Qe7 {
[%emt 0:00:07]} 15. Bc2 {[%emt 0:00:01]} b5 {[%emt 0:00:07]} 16. Qd3 {[%emt 0:
00:04]} Nf8 {[%emt 0:00:08]} 17. Nh2 {[%emt 0:00:29]} b4 {[%emt 0:00:03]} 18.
Ne2 {[%emt 0:00:01]} a5 {[%emt 0:00:08]} 19. Nf3 {[%emt 0:00:06]} Ba6 {[%emt 0:
00:06]} 20. Qd2 {[%emt 0:00:02]} Nd7 {[%emt 0:00:24]} 21. g4 {[%emt 0:00:02]}
Nf6 {[%emt 0:00:03]} 22. g5 {[%emt 0:00:02]} Ne4 {[%emt 0:00:02]} 23. Qe1 {
[%emt 0:00:07]} Bc4 {[%emt 0:00:10]} 24. gxh6 {[%emt 0:00:08]} gxh6 {[%emt 0:
00:09]} 25. h5 {[%emt 0:00:12]} Qf6 {[%emt 0:00:10]} 26. Rg1+ {[%emt 0:00:02]}
Kh8 {[%emt 0:00:02]} 27. b3 {[%emt 0:00:06]} Qxf3 {[%emt 0:00:05]} 28. bxc4 {
[%emt 0:00:04]} Qxf2 {[%emt 0:00:12]} 29. cxd5 {[%emt 0:00:16]} Qxe1 {[%emt 0:
00:04]} 30. Rgxe1 {[%emt 0:00:03]} cxd5 {[%emt 0:00:01]} 31. Kb2 {[%emt 0:00:
08]} Rg8 {[%emt 0:00:11]} 32. Nf4 {[%emt 0:00:05]} a4 {[%emt 0:00:11]} 33. Nxd5
{[%emt 0:00:06]} Rg2 {[%emt 0:00:07]} 34. Kb1 {[%emt 0:00:06]} Nc3+ {[%emt 0:
00:02]} 35. Nxc3 {[%emt 0:00:06]} bxc3 {[%emt 0:00:00]} 36. e4 {[%emt 0:00:21]}
Rb8+ {[%emt 0:00:03]} 37. Kc1 {[%emt 0:00:15]} Ba3# {[%emt 0:00:03]} 0-1

[Event "Benidorm Satellite preliminary"]
[Site "playchess.com #007036"]
[Date "2009.10.24"]
[Round "7"]
[White "thin_white_duke"]
[Black "Heinz53"]
[Result "1-0"]
[WhiteElo "2363"]
[BlackElo "1721"]
[PlyCount "71"]
[EventDate "2009.10.24"]
[EventType "swiss (blitz)"]

1. d4 {[%emt 0:00:03]} Nf6 {[%emt 0:00:02]} 2. c4 {[%emt 0:00:01]} c6 {[%emt 0:
00:02]} 3. Nf3 {[%emt 0:00:04]} d5 {[%emt 0:00:01]} 4. Nc3 {[%emt 0:00:01]} Bf5
{[%emt 0:00:03]} 5. Qb3 {[%emt 0:00:03]} Qc8 {[%emt 0:00:17]} 6. Bf4 {[%emt 0:
00:05]} e6 {[%emt 0:00:07]} 7. e3 {[%emt 0:00:03]} Be7 {[%emt 0:00:02]} 8. Be2
{[%emt 0:00:02]} O-O {[%emt 0:00:01]} 9. O-O {[%emt 0:00:01]} Nbd7 {[%emt 0:00:
07]} 10. Rac1 {[%emt 0:00:07]} Nh5 {[%emt 0:00:17]} 11. cxd5 {[%emt 0:00:06]}
Nxf4 {[%emt 0:00:02]} 12. exf4 {[%emt 0:00:01]} Nb6 {[%emt 0:00:21]} 13. dxc6 {
[%emt 0:00:04]} bxc6 {[%emt 0:00:02]} 14. Ne5 {[%emt 0:00:03]} Bd6 {[%emt 0:00:
20]} 15. Bf3 {[%emt 0:00:06]} Bxe5 {[%emt 0:00:24]} 16. dxe5 {[%emt 0:00:03]}
Qb7 {[%emt 0:00:12]} 17. Na4 {[%emt 0:00:03]} Rac8 {[%emt 0:00:02]} 18. Nxb6 {
[%emt 0:00:11]} axb6 {[%emt 0:00:01]} 19. Rc3 {[%emt 0:00:03]} Rc7 {[%emt 0:00:
03]} 20. Rfc1 {[%emt 0:00:09]} Rfc8 {[%emt 0:00:02]} 21. h4 {[%emt 0:00:08]} h6
{[%emt 0:00:19]} 22. h5 {[%emt 0:00:07]} g6 {[%emt 0:00:04]} 23. g4 {[%emt 0:
00:03]} Bxg4 {[%emt 0:00:05]} 24. Bxg4 {[%emt 0:00:02]} c5 {[%emt 0:00:00]} 25.
hxg6 {[%emt 0:00:04]} Qe4 {[%emt 0:00:05]} 26. gxf7+ {[%emt 0:00:05]} Kf8 {
[%emt 0:00:10]} 27. Bxe6 {[%emt 0:00:22]} Qxf4 {[%emt 0:00:04]} 28. Qc4 {[%emt
0:00:08]} Qxe5 {[%emt 0:00:05]} 29. Rg3 {[%emt 0:00:08]} Ke7 {[%emt 0:00:10]}
30. Bxc8 {[%emt 0:00:03]} Rxc8 {[%emt 0:00:02]} 31. Rd1 {[%emt 0:00:08]} Rf8 {
[%emt 0:00:06]} 32. Qh4+ {[%emt 0:00:07]} Kxf7 {[%emt 0:00:10]} 33. Rd7+ {
[%emt 0:00:02]} Ke6 {[%emt 0:00:11]} 34. Re7+ {[%emt 0:00:02]} Kd5 {[%emt 0:00:
02]} 35. Rxe5+ {[%emt 0:00:02]} Kxe5 {[%emt 0:00:00]} 36. Qe7+ {[%emt 0:00:01]
Heinz53 gibt auf} 1-0

[Event "Benidorm Satellite preliminary"]
[Site "playchess.com #007036"]
[Date "2009.10.24"]
[Round "7"]
[White "AndreevSt"]
[Black "Pfleger"]
[Result "1-0"]
[WhiteElo "1969"]
[BlackElo "1686"]
[PlyCount "93"]
[EventDate "2009.10.24"]
[EventType "swiss (blitz)"]

1. d4 {[%emt 0:00:07]} Nf6 {[%emt 0:00:09]} 2. c4 {[%emt 0:00:02]} e5 {[%emt 0:
00:03]} 3. dxe5 {[%emt 0:00:01]} Ng4 {[%emt 0:00:02]} 4. Bf4 {[%emt 0:00:05]}
Nc6 {[%emt 0:00:11]} 5. Nf3 {[%emt 0:00:04]} Bc5 {[%emt 0:00:01]} 6. e3 {[%emt
0:00:03]} Qe7 {[%emt 0:00:04]} 7. Be2 {[%emt 0:00:03]} Ngxe5 {[%emt 0:00:02]}
8. Nxe5 {[%emt 0:00:01]} Nxe5 {[%emt 0:00:01]} 9. O-O {[%emt 0:00:01]} d6 {
[%emt 0:00:01]} 10. Nc3 {[%emt 0:00:40]} Be6 {[%emt 0:00:03]} 11. Nd5 {[%emt 0:
00:04]} Bxd5 {[%emt 0:00:02]} 12. Qxd5 {[%emt 0:00:15]} Nc6 {[%emt 0:00:02]}
13. a3 {[%emt 0:00:07]} a5 {[%emt 0:00:02]} 14. b4 {[%emt 0:00:10]} axb4 {
[%emt 0:00:02]} 15. axb4 {[%emt 0:00:02]} Rxa1 {[%emt 0:00:10]} 16. Rxa1 {
[%emt 0:00:00]} Bxb4 {[%emt 0:00:15]} 17. Ra8+ {[%emt 0:00:10]} Nd8 {[%emt 0:
00:02]} 18. Qxb7 {[%emt 0:00:07]} Bc5 {[%emt 0:00:06]} 19. Rc8 {[%emt 0:01:02]}
O-O {[%emt 0:00:16]} 20. Qxc7 {[%emt 0:00:03]} Qf6 {[%emt 0:00:01]} 21. h3 {
[%emt 0:00:06]} Ne6 {[%emt 0:00:02]} 22. Rxf8+ {[%emt 0:00:04]} Nxf8 {[%emt 0:
00:03]} 23. Bf3 {[%emt 0:00:05]} h6 {[%emt 0:00:11]} 24. Bd5 {[%emt 0:00:06]}
g5 {[%emt 0:00:04]} 25. Bg3 {[%emt 0:00:01]} Ne6 {[%emt 0:00:09]} 26. Qb8+ {
[%emt 0:00:08]} Kg7 {[%emt 0:00:01]} 27. Bxd6 {[%emt 0:00:04]} Bxd6 {[%emt 0:
00:01]} 28. Qxd6 {[%emt 0:00:01]} Qd8 {[%emt 0:00:09]} 29. Qxd8 {[%emt 0:00:04]
} Nxd8 {[%emt 0:00:01]} 30. Kf1 {[%emt 0:00:03]} Kf8 {[%emt 0:00:02]} 31. Ke2 {
[%emt 0:00:01]} Ke7 {[%emt 0:00:01]} 32. Kf3 {[%emt 0:00:01]} Kd6 {[%emt 0:00:
01]} 33. Kg4 {[%emt 0:00:02]} Ne6 {[%emt 0:00:07]} 34. Bxe6 {[%emt 0:00:02]}
fxe6 {[%emt 0:00:01]} 35. Kh5 {[%emt 0:00:01]} Kc5 {[%emt 0:00:01]} 36. Kxh6 {
[%emt 0:00:01]} Kxc4 {[%emt 0:00:00]} 37. Kxg5 {[%emt 0:00:01]} Kd5 {[%emt 0:
00:00]} 38. h4 {[%emt 0:00:01]} Ke4 {[%emt 0:00:00]} 39. h5 {[%emt 0:00:01]}
Kd3 {[%emt 0:00:02]} 40. h6 {[%emt 0:00:01]} Ke2 {[%emt 0:00:00]} 41. h7 {
[%emt 0:00:00]} Kxf2 {[%emt 0:00:00]} 42. h8=Q {[%emt 0:00:01]} Kxe3 {[%emt 0:
00:00]} 43. Qe5+ {[%emt 0:00:01]} Kf2 {[%emt 0:00:01]} 44. Kf4 {[%emt 0:00:05]}
Kxg2 {[%emt 0:00:01]} 45. Qe2+ {[%emt 0:00:05]} Kh3 {[%emt 0:00:02]} 46. Qg4+ {
[%emt 0:00:11]} Kh2 {[%emt 0:00:02]} 47. Kf3 {[%emt 0:00:02] Pfleger gibt auf}
1-0